00345nam a2200145Ia 4500008004100000020001500041041001200056082001100068100001200079245004100091260002900132300000800161650001600169700001400185221030s9999 xx 000 0 und d a8176565237 aEnglish a105.23 aM. Jain 0aComputer Organisation & Architecture bBPB PubaNew Delhic2006 a302 aBB Computer aV. Pillai